| 000 | 01197 a2200301 4500 | ||
|---|---|---|---|
| 001 | 200130050 | ||
| 650 | 0 |
_aTrademarks _xLaw and legislation _zTurkey _974279 |
|
| 999 |
_c200130050 _d31057 |
||
| 003 | TR-AnTOB | ||
| 005 | 20250108143959.0 | ||
| 008 | 130721s2012 tu 001 0 | ||
| 020 | _a9786055336899 | ||
| 040 |
_aDLC _dTR-AnTOB |
||
| 041 | _atur | ||
| 050 |
_aKKX1220 _b.U98 2012 |
||
| 090 | _aKKX1220 .U98 2012 | ||
| 100 | 1 |
_aUzunallı, Sevilay _9105137 |
|
| 245 | 0 |
_aMarkanın korunmasının kapsamı ve tazminat talebi / _cSevilay Uzunallı. |
|
| 264 |
_aAnkara : _bAdalet Yayınevi, _c2012. |
||
| 300 |
_axx, 601 pages ; _c25 cm. |
||
| 490 | 0 |
_aHukuk yayınları dizisi ; _v948 |
|
| 504 | _aIncludes bibliographical references (pages 585-594) and index. | ||
| 505 | _aI.Tescilli markanın korunması -- II.Marka hakkına tecavüz eylemleri ve tazminatın belirlenmesi -- III.Marka hakkına tecavüz nedeniyle tazminat davasının usul hukukuna ilişkin özellikleri ile hükmün ilanı ve zamanaşımı. | ||
| 650 |
_aMarka ihlali _zTürkiye _991625 |
||
| 650 | 7 |
_aTicari markalar _xHukuk ve mevzuat _2etuturkob _991626 |
|
| 650 |
_aTrademark infringement _zTurkey _991627 |
||
| 942 | _cBK | ||